Responses for Show #6425 - Friday, July 20, 2012

Contestants

[<< previous game]

Andy Baggarly, a journalist and author from Palo Alto, California

Lisa Farricker, a nursing student from Winchester, Virginia

Mike McStravick, a homicide detective from Houston, Texas (whose 1-day cash winnings total $20,800)

[next game >>]

Jeopardy! Round responses

FORESTS
CELEBRITY BOOKS
MILITARY MATTERS
INVENTIVE AD WORDS
5 ABOUT 5
INSIDE SHAKESPEARE
(Alex: Each correct response will be a shorter word made up of the letters in the word "Shakespeare".)
    $200 15
the Amazon forest

Mike
    $200 10
Sarah Ferguson

Lisa
    $200 16
a minefield

Andy
    $200 5
Subway

Andy
    $200 21
what

Andy
    $200 26
peek

Andy
    $400 17
Cardigan

Mike
    $400 11
Gordon Ramsay

Lisa
    $400 4
(Giorgio) Armani

Lisa
    $400 6
Chevrolet

Andy
    $400 22
Styx

Mike
    $400 27
a shark

Andy
    $600 18
Wyoming

Andy
    $600 12
Whoopi Goldberg

Andy
    $600 3
leathernecks

Mike
    $600 7
Zooey Deschanel

Andy
    $600 23
Party of Five

Lisa
    $600 28
an ark

Lisa
    $1,600 19
the Black Forest

Andy
    $800 13
Steve Martin

Andy
    $800 2
Ferdinand Zeppelin

Triple Stumper
    $800 8
Kraft

Lisa
    $800 24
the Security Council

Mike
    $800 29
keeps

Mike
    $1000 20
Superior

Andy
    $1000 14
Carrie Fisher

Lisa
    $1000 1
uranium

Mike
    $1000 9
(Andy: What is Dannon?)

Yoplait

LisaAndy
    $1000 25
the Pentateuch

Andy
    $1000 30
a harp

Andy

Scores at the first commercial break (after clue 15):

Mike Lisa Andy
$1,800 $3,800 $1,600

Scores at the end of the Jeopardy! Round:

Mike Lisa Andy
$4,200 $5,000 $7,800

Double Jeopardy! Round responses

BIRDS OF A FEATHER
McWRITERS
HEADING FOR "DIXIE"
STREET SMARTS
BRITISH HISTORY
OLD FRIENDS, NEWER GIGS
(Alex: The "FRIENDS" underlined--that's a reference to the popular TV series.)
    $400 19
eagles

Andy
    $400 13
(Colleen) McCullough

Mike
    $400 20
the Dixie Chicks

Andy
    $400 22
Wall Street

Andy
    $400 5
the Suez

Mike
    $400 27
Courteney Cox

Lisa
    $800 18
owls

Andy
    $800 9
(Cormac) McCarthy

Mike
    $800 21
whistling Dixie

Andy
    $800 23
(Lisa: What is Trivoli?)
...
(Alex: It's called [*].)

the Rue de Rivoli

Lisa
Triple Stumper
    $800 4
Labour

Andy
    $800 8
(Jennifer) Aniston

Mike
    $1200 17
(Lisa: What is a warbler?)
...
(Alex: They're 3 different kinds of [*].)

hummingbirds

Lisa
Triple Stumper
    $1200 7
Anne McCaffrey

Triple Stumper
    $1200 10
the Dixie Cup

Andy
    $3,000 24
(Andy: What is Havana?)
(Alex: No. What is [*]? You had to think of Franco and that period preceding World War II.)

Madrid

Andy
    $1200 1
(Order of the) Garter

Mike
    $1200 28
David Schwimmer

Lisa
    $2,200 16
(Andy: What are pelicans?)
...
(Alex: No, what are [*]? North Island, South Island, New Zealand...)

kiwis

Andy
    $1600 6
(Terry) McMillan

Lisa
    $1600 11
Winn-Dixie

Lisa
    $1600 25
(Andy: What is Downton Abbey?)

Coronation Street

Andy
Triple Stumper
    $1600 2
Eton

Mike
    $1600 29
Lisa Kudrow

Lisa
    $2000 15
ducks

Andy
    $2000 14
(Andy: Who is McCollough?)

Joe McGinniss

Andy
Triple Stumper
    $2000 12
the Dixiecrats

Mike
    $2000 26
Friedrichstrasse

Mike
    $2000 3
(Lisa: What is English?)
...
(Alex: [*]--yes--St. David's.)

Welsh

MikeLisa
    $2000 30
(Matt) LeBlanc

Andy

Scores at the end of the Double Jeopardy! Round:

Mike Lisa Andy
$15,400 $7,400 $7,800

[wagering suggestions for these scores]

Final Jeopardy! Round responses

RECENT FILMS
(Alex: [To Andy] The best film of the year--the Oscar winner--you are correct.)
LisaWhat is
$7,300
AndyWhat is The Artist?
$7,800
MikeWhat is The Girl With The Dragon Tattoo?
$1,000
The Artist

Final scores:

Mike Lisa Andy
$14,400 $100 $15,600
2nd place: $2,000 3rd place: $1,000 New champion: $15,600

Game dynamics:

Coryat scores:

Mike Lisa Andy
$15,400 $7,400 $12,200
16 R,
0 W
13 R,
3 W
23 R
(including 1 DD),
5 W
(including 2 DDs)

Combined Coryat: $35,000

[game clues] [game scores] [suggest correction]

Game tape date: 2012-03-13
The J! Archive is created by fans, for fans. Scraping, republication, monetization, and malicious use prohibited; this site may use cookies and collect identifying information. See terms. The Jeopardy! game show and all elements thereof, including but not limited to copyright and trademark thereto, are the property of Jeopardy Productions, Inc. and are protected under law. This website is not affiliated with, sponsored by, or operated by Jeopardy Productions, Inc. Join the discussion at JBoard.tv.